Knihkupectví v Paříži

Saved in:
Bibliographic Details
Main Author Raisin, Rebecca
Format Electronic eBook
LanguageCzech
Published Cosmopolis 2026
Edition1. elektronické vydání
Subjects
Online AccessDostupné v BOOKPORT po přihlášení pomocí eduID
ISBN978-80-271-8427-9
978-80-271-8428-6
978-80-271-5970-3
Physical Description1 online zdroj (336 stran)

Cover

LEADER 00000nam a2200000 i 4500
001 bkp15080
003 CZ-prgp
005 20260407112622.0
006 m o d
007 cr cn
008 260407s2026 xr o 000 1 cze
020 |a 978-80-271-8427-9  |c 382 Kč  |q (online ; pdf) 
020 |a 978-80-271-8428-6  |c 382 Kč  |q (online ; epub) 
020 |a 978-80-271-5970-3  |c 457 Kč  |q (print) 
040 |a Grada  |b cze  |e rda 
100 1 |a Raisin, Rebecca 
245 1 0 |a Knihkupectví v Paříži  |c Rebecca Raisin 
250 |a 1. elektronické vydání 
264 1 |b Cosmopolis  |c 2026 
300 |a 1 online zdroj (336 stran) 
336 |a text  |b txt  |2 rdacontent 
337 |a počítač  |b c  |2 rdamedia 
338 |a online zdroj  |b cr  |2 rdacarrier 
520 3 |a Romantický příběh plný knih, nostalgie, pařížských uliček a ztracených i znovunalezených srdcí - ideální pro každého, kdo věří, že láska může začít tam, kde byste to nejméně čekali. 
650 0 4 |a Romantika, romány pro ženy 
856 4 0 |u https://www.bookport.cz/AccountSaml/SignIn/?idp=https://shibboleth.utb.cz/idp/shibboleth&returnUrl=/kniha/knihkupectvi-v-parizi-15920/  |y Dostupné v BOOKPORT po přihlášení pomocí eduID